00323nam a2200121Ia 4500008004100000082001600041100002000057245003200077600001400109630003200123700001400155730003200169090122s9999 xx 000 0 und d b3400aT4(E) aSinghaniabVcK aStudents Guide to inome tax aSinghania aStudents Guide to inome tax aSinghania aStudents Guide to inome tax